000 00948nam a2200277 c 4500
001 000030498
003 RuMoIPM
005 20260506124012.0
008 230210s1987 ru ||||||| |||| ||rus d
035 _a(RuMoBEN) 002010354
035 _a(ELAR retro) [2022] 000098596
035 _a(ELAR retro) [2022] 000165766
040 _aRuMoBEN
_brus
_ercr
041 0 _arus
044 _aru
080 _a51(03)
100 1 _aРывкин, Альберт Анатольевич
245 1 0 _aСправочник по математике
_cА. А. Рывкин, А. З. Рывкин, Л. С. Хренов
250 _a4-е изд., перераб. и доп.
260 _aМосква
_bВысшая школа
_c1987
300 _a480 с.
_bил.
504 _aПредм. указ.: с. 463-472
700 1 _aРывкин, Анатолий Зелманович
700 1 _aХренов, Леонид Сергеевич
942 _cBK
999 _c30498
_d30498